000 00382nam a2200157Ia 4500
008 230711s9999||||xx |||||||||||||| ||und||
041 _aENG
082 _a720
_bRU-T
100 _aRussell,Ash
245 4 _aThe top 10 of everything 1991
250 _a1st Ed.
260 _c1990
_aLondon
_bQueen Anne Press / Macdonald & Co
300 _a256
650 _aArchitecture
942 _cBK
999 _c1803
_d1803